000 00809nam a2200229 a 4500
001 000035075
005 20200930074104.0
008 111024s1954 ag 000 0 spa d
040 _aDO-SdBNP
_bspa
_cBNPHU
082 _a190.9024
_bM741f
100 1 _aMondolfo, Rodolfo
_946962
245 1 0 _aFiguras e ideas de la filosofía del renacimiento /
_cRodolfo Mondolfo.
260 _aBuenos Aires :
_bLosada,
_c1954.
300 _a283 p. ;
_c21 cm.
490 1 _aBiblioteca filosófica
500 _aBiblioteca filosófica publicada bajo la dirección de Francisco Romero
504 _aIncluye referencias bibliográficas y notas al pie de las páginas
650 4 _aFilosofía renacentista
_960732
830 0 _aBiblioteca filosófica
_960733
910 _aValidado. Control de calidad MFF
049 _aBNGR
999 _c34566
_d34566